| 000 | 00845nam a2200313Ia 4500 | ||
|---|---|---|---|
| 003 | OSt | ||
| 005 | 20220912153219.0 | ||
| 006 | a|||||r|||| 00| 0 | ||
| 007 | ta | ||
| 008 | 220909b |||||||| |||| 00| 0 eng d | ||
| 020 | _a0412039613 (pbk) | ||
| 024 | _a4366 | ||
| 037 | _bR B C, | ||
| 037 | _cTextual | ||
| 040 |
_aCSL _beng _cCSL |
||
| 041 | _aeng | ||
| 082 | _aK86:5(E), M4.2 | ||
| 100 | _aCarde Ring T | ||
| 245 | 0 | _aChemical ecology of insects | |
| 260 |
_aNew York _b Chapman Hall _c1995 |
||
| 300 |
_ap. _ccm. |
||
| 500 | _aIncludes bibliographical references; Indexes 425-433p | ||
| 650 | _a Chemical ecology | ||
| 650 | _a Insecta | ||
| 650 | _aZoology | ||
| 700 | _a Bell William J | ||
| 942 |
_hK86:5(E), M4.2 _cTEXL _2CC |
||
| 999 |
_c99260 _d99260 |
||